Manet

Saved in:
Bibliografiske detaljer
Hovedforfatter: Colin, Paul (Author)
Format: Bog
Sprog:spansk
Udgivet: Buenos Aires Kier 1944
Udgivelse:1a. ed
Serier:Colección Alba
Fag:
Tags: Tilføj Tag
Ingen Tags, Vær først til at tagge denne postø!

MARC

LEADER 00000cam a2200000 a 4500
001 UCE2093
003 CL-VaPUC
008 140605e19440000ag |||||||||||||||||spa|d
082 0 4 |a 759.4  |b COL  |2 21 
100 0 |a Colin, Paul  |e author  |9 574562 
245 1 0 |a Manet 
250 |a 1a. ed 
300 |a 125 p 
942 |c BK 
945 |d 20140605 14:22:00  |a dcastane 
260 |a Buenos Aires  |b Kier  |c 1944 
600 0 |a Manet, Édouard,  |d 1832-1883  |9 266094 
650 0 |a Pintores franceses   |9 340354 
650 7 |a IMPRESIONISMO  |2 CL-VaPUC  |9 324638 
650 0 |a Arte moderno  |9 265333 
583 |a last modification  |c 20140605 14:22:00  |k Rodrigo Vera 
490 0 |a Colección Alba 
999 |c 355760  |d 355758 
952 |0 0  |1 0  |3 erb  |4 0  |6 759_400000000000000_COL_1944  |7 0  |8 A  |9 462618  |a BIBART  |b BIBART  |i 5056187  |o 759.4 COL 1944  |p 5056187  |r 2025-03-13  |w 2019-11-23  |y BK  |z Catalogado en:20140605  |k ART